| 000 | 00661cam a22002413a 4500 | ||
|---|---|---|---|
| 001 | 31149 | ||
| 003 | PGUSA | ||
| 005 | 20140828083656.0 | ||
| 008 | 100201s2010||||xxu|||||s|||||000 | eng d | ||
| 040 |
_aPGUSA _beng |
||
| 042 | _adc | ||
| 050 | 4 | _aQL | |
| 050 | 4 | _aQH | |
| 100 | 1 | _aFinley, Robert B. | |
| 245 | 1 | 2 |
_aA New PiƱon Mouse (Peromyscus truei) from Durango, Mexico _h[electronic resource] / _cRobert B. Finley |
| 260 |
_bProject Gutenberg, _c2010 |
||
| 506 | _aPublic domain in the USA. | ||
| 516 | _aElectronic text | ||
| 653 | _aMice | ||
| 830 | 0 |
_aProject Gutenberg _v31149 |
|
| 856 | 4 | 0 | _uhttp://www.gutenberg.org/ebooks/31149 |
| 942 | _cEB | ||
| 999 |
_c260404 _d260404 |
||